Non-Christian Countries with the Most Christians - Statistics

General Stats
  • This quiz has been taken 64 times
  • The average score is 17 of 27
Answer Stats
Christians Country Percent Christians % Correct
30,000,000 India 2.3%
98%
24,000,000 Indonesia 10.0%
98%
48,220,000 China 3.0%
95%
2,921,000 Japan 2.3%
93%
88,400,000 Nigeria 49.0%
91%
9,029,000 Egypt 10.0%
88%
14,601,000 South Korea 29.2%
88%
3.300,000 Pakistan 1.6%
83%
2,820,000 Malaysia 9.2%
81%
7,038,000 Vietnam 8.2%
81%
1,800,000 Syria 10.0%
71%
1,700,000 Lebanon 39.0%
62%
4,150,000 Chad 35.0%
60%
4,150,000 Kazakhstan 26.2%
59%
3,790,000 Myanmar 6.2%
59%
1,531,000 Sri Lanka 7.5%
59%
1,500,000 Saudi Arabia 5.0%
53%
1,622,093 Bosnia and Herzegovina 45.94%
50%
3,746,000 Burkina Faso 22.0%
50%
7,075,000 Ivory Coast 32.8%
47%
1,032,000 Guinea 8.9%
45%
1,966,000 Togo 29.0%
45%
3,943,000 Benin 42.8%
40%
8,260,000 Madagascar 41.0%
26%
1,175,000 Czechia 34.0%
22%
1,858,977 New Zealand 47.8%
17%
6,750,000 Netherlands 39.0%
12%
No matching quizzes found
Score Distribution
Percent of People with Each Score
Percentile by Number Answered
Your Score History
You have not taken this quiz